<?xml version="1.0" encoding="UTF-8"?>
<record
    xmlns:xsi="http://www.w3.org/2001/XMLSchema-instance"
    xsi:schemaLocation="http://www.loc.gov/MARC21/slim http://www.loc.gov/standards/marcxml/schema/MARC21slim.xsd"
    xmlns="http://www.loc.gov/MARC21/slim">

  <leader>04120nam a22004575i 4500</leader>
  <controlfield tag="001">978-3-030-28328-5</controlfield>
  <controlfield tag="003">DE-He213</controlfield>
  <controlfield tag="005">20200904105203.0</controlfield>
  <controlfield tag="007">cr nn 008mamaa</controlfield>
  <controlfield tag="008">200810s2020    gw |    s    |||| 0|eng d</controlfield>
  <datafield tag="020" ind1=" " ind2=" ">
    <subfield code="a">9783030283285</subfield>
    <subfield code="9">978-3-030-28328-5</subfield>
  </datafield>
  <datafield tag="024" ind1="7" ind2=" ">
    <subfield code="a">10.1007/978-3-030-28328-5</subfield>
    <subfield code="2">doi</subfield>
  </datafield>
  <datafield tag="050" ind1=" " ind2="4">
    <subfield code="a">RC681-688.2</subfield>
  </datafield>
  <datafield tag="072" ind1=" " ind2="7">
    <subfield code="a">MJD</subfield>
    <subfield code="2">bicssc</subfield>
  </datafield>
  <datafield tag="072" ind1=" " ind2="7">
    <subfield code="a">MED010000</subfield>
    <subfield code="2">bisacsh</subfield>
  </datafield>
  <datafield tag="072" ind1=" " ind2="7">
    <subfield code="a">MJD</subfield>
    <subfield code="2">thema</subfield>
  </datafield>
  <datafield tag="082" ind1="0" ind2="4">
    <subfield code="a">616.12</subfield>
    <subfield code="2">23</subfield>
  </datafield>
  <datafield tag="245" ind1="1" ind2="0">
    <subfield code="a">Practical Cardiology</subfield>
    <subfield code="h">[electronic resource] :</subfield>
    <subfield code="b">Evaluation and Treatment of Common Cardiovascular Disorders /</subfield>
    <subfield code="c">edited by Ragavendra R. Baliga, Kim A. Eagle.</subfield>
  </datafield>
  <datafield tag="250" ind1=" " ind2=" ">
    <subfield code="a">3rd ed. 2020.</subfield>
  </datafield>
  <datafield tag="264" ind1=" " ind2="1">
    <subfield code="a">Cham :</subfield>
    <subfield code="b">Springer International Publishing :</subfield>
    <subfield code="b">Imprint: Springer,</subfield>
    <subfield code="c">2020.</subfield>
  </datafield>
  <datafield tag="300" ind1=" " ind2=" ">
    <subfield code="a">IX, 469 p. 121 illus., 49 illus. in color.</subfield>
    <subfield code="b">online resource.</subfield>
  </datafield>
  <datafield tag="336" ind1=" " ind2=" ">
    <subfield code="a">text</subfield>
    <subfield code="b">txt</subfield>
    <subfield code="2">rdacontent</subfield>
  </datafield>
  <datafield tag="337" ind1=" " ind2=" ">
    <subfield code="a">computer</subfield>
    <subfield code="b">c</subfield>
    <subfield code="2">rdamedia</subfield>
  </datafield>
  <datafield tag="338" ind1=" " ind2=" ">
    <subfield code="a">online resource</subfield>
    <subfield code="b">cr</subfield>
    <subfield code="2">rdacarrier</subfield>
  </datafield>
  <datafield tag="347" ind1=" " ind2=" ">
    <subfield code="a">text file</subfield>
    <subfield code="b">PDF</subfield>
    <subfield code="2">rda</subfield>
  </datafield>
  <datafield tag="505" ind1="0" ind2=" ">
    <subfield code="a">Chest Pain -- Dyspnea -- Palpitations -- Edema -- Syncope -- Approach to Claudication -- Coronary Artery Disease -- Primary Prevention of Coronary Artery Disease -- Secondary Prevention of Coronary Artery Disease -- Stable Angina -- Unstable Angina -- Non-ST Elevation Myocardial Infarction -- Acute ST Elevation Myocardial Infarction -- Hypertension -- Primary Hypertension -- Approach to Secondary Hypertension -- Congestive Heart Failure -- Heart Failure Due to Left Ventricular Systolic Dysfunction -- Heart Failure with Preserved Systolic Function -- Arrhythmias -- Paroxysmal Supraventricular Tachycardia -- Atrial Fibrillation &amp; Atrial Flutter -- Ventricular Tachycardia -- Bradycardia -- Valvular Heart Disease -- Infectious Endocarditis -- Mitral Regurgitation -- Aortic Regurgitation -- Mitral Stenosis -- Aortic Stenosis -- Tricuspid -- Pulmonary Valve Disease -- Pericardial Disease &amp; Cardiac Neoplasms -- Acute Pericarditis -- Pericardial Effusion -- Pericardial Constriction -- Aortic &amp; Major Vascular Diseases -- Abdominal Aortic Aneurysms -- Nondissecting Thoracic Aneurysms -- Aortic Dissection -- Cerebrovascular Disease -- Deep Venous Thrombosis -- Lower Extremity Ischemia -- Pulmonary Vascular Diseases -- Pulmonary Embolism -- Pulmonary Hypertension &amp; Cor Pulmonale -- Diagnosis &amp; Management -- Congenital Heart Disease in Adults -- Management of Chronic Anticoagulation -- Assessing &amp; Minimizing Cardiac Risk of Noncardiac Surgery -- Management of the Cardiac Surgery Patient -- Complementary &amp; Alternative Medicine.</subfield>
  </datafield>
  <datafield tag="520" ind1=" " ind2=" ">
    <subfield code="a">This thoroughly updated new edition of the classic practical textbook provides a user-friendly, authoritative guide to evaluation of common cardiovascular symptoms and evaluation and management of common cardiovascular conditions. Coverage also includes clinical challenges such as management of chronic anticoagulation, assessing and minimizing cardiac risk in noncardiac surgery, and management of the cardiac surgery patient. Numerous tables and algorithms help readers find information quickly and aid in clinical decision-making. Practical Cardiology, Evaluation and Treatment of Common Cardiovascular Disorders reflects the current American College of Cardiology/American Heart Association guidelines and provides a concise yet comprehensive handbook presents practical information on the common cardiovascular problems that clinicians encounter daily.</subfield>
  </datafield>
  <datafield tag="650" ind1=" " ind2="0">
    <subfield code="a">Cardiology.</subfield>
  </datafield>
  <datafield tag="650" ind1="1" ind2="4">
    <subfield code="a">Cardiology.</subfield>
    <subfield code="0">https://scigraph.springernature.com/ontologies/product-market-codes/H33037</subfield>
  </datafield>
  <datafield tag="700" ind1="1" ind2=" ">
    <subfield code="a">Baliga, Ragavendra R.</subfield>
    <subfield code="e">editor.</subfield>
    <subfield code="4">edt</subfield>
    <subfield code="4">http://id.loc.gov/vocabulary/relators/edt</subfield>
  </datafield>
  <datafield tag="700" ind1="1" ind2=" ">
    <subfield code="a">Eagle, Kim A.</subfield>
    <subfield code="e">editor.</subfield>
    <subfield code="4">edt</subfield>
    <subfield code="4">http://id.loc.gov/vocabulary/relators/edt</subfield>
  </datafield>
  <datafield tag="710" ind1="2" ind2=" ">
    <subfield code="a">SpringerLink (Online service)</subfield>
  </datafield>
  <datafield tag="773" ind1="0" ind2=" ">
    <subfield code="t">Springer Nature eBook</subfield>
  </datafield>
  <datafield tag="776" ind1="0" ind2="8">
    <subfield code="i">Printed edition:</subfield>
    <subfield code="z">9783030283261</subfield>
  </datafield>
  <datafield tag="776" ind1="0" ind2="8">
    <subfield code="i">Printed edition:</subfield>
    <subfield code="z">9783030283278</subfield>
  </datafield>
  <datafield tag="856" ind1="4" ind2="0">
    <subfield code="u">https://doi.org/10.1007/978-3-030-28328-5</subfield>
  </datafield>
  <datafield tag="912" ind1=" " ind2=" ">
    <subfield code="a">ZDB-2-SME</subfield>
  </datafield>
  <datafield tag="912" ind1=" " ind2=" ">
    <subfield code="a">ZDB-2-SXM</subfield>
  </datafield>
  <datafield tag="999" ind1=" " ind2=" ">
    <subfield code="c">461409</subfield>
    <subfield code="d">461409</subfield>
  </datafield>
</record>
